000 01687cam a2200289 4500500
005 20251228073556.0
041 _afre
042 _adc
100 1 0 _aWatteau, Diane
_eauthor
245 0 0 _a« Vladimir – Ce n’est pas folichon » »
260 _c2015.
500 _a73
520 _aDans son « Manuscrit G » de 1895, intitulé précisément « Mélancolie », Freud écrit : « L’affect qui correspond à la mélancolie (dépression) est celui du deuil, c’est-à-dire, le regret amer de quelque chose de perdu. » Nous envisagerons ce qui se constitue comme objet perdu dans les œuvres des artistes Bas Jan Ader, Dirk Braeckman, Samuel Beckett et Patricia & Marie-France Martin. Des affaires de « trou-matismes » pour Lacan.
520 _a“Vladimir – It’s not fun”In his 1895 “G Manuscript”, entitled “Melancholia”, Freud writes : “The affect corresponding to melancholia (depression) is mourning, that is, the bitter regret for something lost”. We shall track down these lost objects in the works of the following artists : Bas Jan Ader, Dirk Braeckman, Samuel Beckett and Patricia & Marie-France Martin. All matters of “hole-matisms” for Lacan.
690 _a« trou-matisme »
690 _aart contemporain
690 _adé-sidérer
690 _agris
690 _aTrauma
690 _a“hole-matism”
690 _acontemporary art
690 _ade-siderium
690 _agrey
690 _aTrauma
786 0 _nSavoirs et clinique | 20 | 1 | 2015-12-29 | p. 72-82 | 1634-3298
856 4 1 _uhttps://shs.cairn.info/revue-savoirs-et-cliniques-2016-1-page-72?lang=fr&redirect-ssocas=7080
999 _c1595480
_d1595480